00997nab a22001817a 4500003000400000005001700004008004100021040000700062100002700069245007800096260007200174300001300246505030000259505008900559650001800648650002500666773012400691OSt20260121205517.0190502c xxu||||| |||| 00| 0 spa d cPJ aAntonini, Mónica A. 13aLa prisión preventiva. Fundamentos y límites /cMónica A. Antonini. aCiudad Autónoma de Buenos Aires :bThomson Reuters La Ley,c2024. ap. 15-30 aSumario: I. Introducción.— II. El principio de inocencia.— III. El desarrollo que intentaré exponer.— IV. Naturaleza y fines del encarcelamiento preventivo.— V. El examen de los argumentos de estas tesis.— VI. Nuevos interrogantes.— VII. ¿Y la doctrina?— VIII. Conclusión.  t¿Te interesa el texto completo? Solicitalo al correo: koha@justierradelfuego.gov.ar 0aDERECHO PENAL 0aPRISIÓN PREVENTIVA0 02729dBuenos Aires : LexisNexis, 2006-tRevista de derecho penal y procesal penal. Nº 9 - Septiembre 2024z9875920622